| 000 | 00743cam a22002651 4500 | ||
|---|---|---|---|
| 001 | sa 64001238 | ||
| 003 | DLC | ||
| 005 | 20260227112001.0 | ||
| 008 | 940713s1963 ii b 000 0 engo | ||
| 010 | _asa 64001238 | ||
| 025 | _aPL480:P-E-311 | ||
| 035 | _a(OCoLC)30759430 | ||
| 040 |
_aDLC _cCU _dCU _dDLC |
||
| 041 | 0 | _aengara | |
| 042 | _apremarc | ||
| 050 | 0 | 0 |
_aBP130.6 _b.A9 |
| 100 | 1 | _aAzizullah, Muhammad. | |
| 245 | 1 | 0 | _aGlimpses of the Holy Qurʼan. |
| 250 | _a1st ed. | ||
| 260 |
_aKarachi, _bPublished under the auspices of World Federation of Islamic Missions, _c1963. |
||
| 300 |
_a96 p. _bfold. col. map. _c25 cm. |
||
| 500 | _aIncludes verses from the Koran in Arabic. | ||
| 630 | 0 | 0 | _aQurʼan. |
| 730 | 0 | _aQurʼan. | |
| 999 |
_c56651 _d56651 |
||